| 000 | 00380nam a2200169Ia 4500 | ||
|---|---|---|---|
| 003 | 0100 | ||
| 008 | 130303s9999 xx 000 0 und d | ||
| 040 | _cARRUPELIB | ||
| 050 | _aHM22.G3W4413 1972 | ||
| 100 | _aFreund, Julien | ||
| 245 | 4 | _aThe sociology of Max Weber | |
| 260 | _bPenguin Books | ||
| 260 | _C1972 | ||
| 300 | _a310p. | ||
| 300 | _b 22cm | ||
| 942 |
_2lcc _01 |
||
| 999 |
_c59286 _d59286 |
||